ბათუმის შოთა რუსთაველის სახელმწიფო უნივერსიტეტის ბიბლიოთეკა

Экспулуатация магистральных газопроводов. (ბიბ.ჩანაწერი № 37129)

000 -LEADER
fixed length control field 00695nam a2200217Ia 4500
001 - CONTROL NUMBER
control field 3085
003 - CONTROL NUMBER IDENTIFIER
control field GE_BSU
008 - FIXED-LENGTH DATA ELEMENTS--GENERAL INFORMATION
fixed length control field 181216s||||||||xx |||||||||||||| ||und||
040 ## - CATALOGING SOURCE
Transcribing agency GE_BSU
080 ## - UNIVERSAL DECIMAL CLASSIFICATION NUMBER
Universal Decimal Classification number 621.53
100 ## - MAIN ENTRY--PERSONAL NAME
Personal name Котляр,И.Я. Пиляк,В.М.
245 ## - TITLE STATEMENT
Title Экспулуатация магистральных газопроводов.
245 ## - TITLE STATEMENT
Statement of responsibility, etc. Ведущий ред. З.Г.Сегаль.
250 ## - EDITION STATEMENT
Edition statement Изд 2-ое, перераб. и дополн.
260 ## - PUBLICATION, DISTRIBUTION, ETC.
Place of publication, distribution, etc. Л.
260 ## - PUBLICATION, DISTRIBUTION, ETC.
Name of publisher, distributor, etc. Недра.
260 ## - PUBLICATION, DISTRIBUTION, ETC.
Date of publication, distribution, etc. 1971.
300 ## - PHYSICAL DESCRIPTION
Extent 248 стр. 22см. с илл.
653 ## - INDEX TERM--UNCONTROLLED
Uncontrolled term Экспулуатация магистральных газопроводов.
942 ## - ADDED ENTRY ELEMENTS (KOHA)
Koha item type წიგნი
ეგზემპლარები
Withdrawn status Lost status Damaged status Not for loan Date acquired Barcode Date last seen Price effective from Koha item type
        2018-12-17 9423 2018-12-17 2018-12-17 წიგნი
        2018-12-17 9424 2018-12-17 2018-12-17 წიგნი
        2018-12-17 9305 2018-12-17 2018-12-17 წიგნი